000 01482cad a22002415a 4500
001 L150807
008 100906s2010 xxk f 000 0 eng d
020 _a9781906097837
035 _a(Sirsi) u150807
041 0 _aeng
050 0 4 _a306.1 $2 18
100 1 _aMorton, Alex
245 0 0 _aMaking housing affordable
_ba new vision for housing policy
_h[electronic resource]
260 _aLondon
_bPolicy Exchange
_c2010
505 2 _aHousing expenditure must fall sharply -- Unaffordable housing is an ongoing crisis -- A falling social housing sector -- Why social housing is falling -- Why housing costs and house prices are rising -- Existing solutions won't work a new template is needed -- Making home-ownership affordable by raising the supply of homes -- More equal support for homeowners and rents - Reforming a falling social housing sector -- Broad effect fo these reforms on other areas
520 _aSocial housing in Uk in crisis. Existing policy failing tenants. Reduce rate at which rents and house prices rise by increasing number of new homs built. Create a path to ownership model and build more affordable housing.
590 _aKA NTK
651 4 0 _aUnited Kingdom
_y
690 _aPROPERTY-RESIDENTIAL PROPERTY-DOMESTIC RESIDENTIAL PROPERTY-HOUSING
700 1 _aEvans, Natalie
_eEditor
856 4 0 _uhttps://www.policyexchange.org.uk/images/publications/pdfs/PX_Housing_WEB.pdf
_zView this item free of charge at www.policyexchange.org.uk
942 _n0
999 _c110983
_d110983